000 00481nam a2200169 4500
001 125903
003 ES-MaACL
005 20230906192722.0
007 t|
008 070214s1920 fr r ||||1| fre d
100 1 _aRaynaud, Ernest.
_995643
245 1 3 _aLa mêlée symboliste
_b: (1890-1900) : portraits et souvenirs /
_cErnest Raynaud.
260 _aParis :
_bCorbeil-Crété,
_c1920.
300 _a1 v. ;
_c19 cm.
500 _aEs el tomo II.
852 _aES-MaACL
_jB-13237
999 _c125903
_d125903